| 000 | 01774nam0a2200421 4500 | ||
|---|---|---|---|
| 001 | RU\NLR\bibl\360801 | ||
| 005 | 20260405111932.0 | ||
| 010 |
_a5-200-03105-2 _910000 |
||
| 021 |
_aRU _b2002-56030 _92722 |
||
| 035 | _a(NLR Aleph) 000355416 | ||
| 090 |
_a302269 _c302269 |
||
| 100 | _a20030128d2002 |||y0rusy50 ca | ||
| 101 | 0 | _arus | |
| 102 | _aRU | ||
| 105 | _ay ||||||||| | ||
| 200 | 1 |
_aРусско-французский разговорник _dGuide de conversation russe-francais _e[Актив. лексика. _eДля туристов и деловых людей] _fТ. М. Никитина, И. А. Семина _zfre |
|
| 205 | _a3-е изд., стер. | ||
| 210 |
_aМ. _cРус. яз. _d2002 |
||
| 215 |
_a234 с. _d16 |
||
| 225 | 1 | _aРазговорник | |
| 300 | _aНа обл. авт. не указаны | ||
| 300 | _aАвт. также на фр. яз.: T.M. Nikitina, I.A. Semina | ||
| 510 | 0 |
_aGuide de conversation russe-francais _zfre |
|
| 606 | 0 |
_aРусский язык _xРазговорники _xФранцузский язык _91557988 _3RU\NLR\auth\66981652 |
|
| 610 | 0 | _aРусско-французские разговорники | |
| 675 |
_a811.161.1'374-133.1 _v3 _zrus |
||
| 686 |
_a16.41 _2rugasnti |
||
| 686 |
_a81.2Фр-4 _2rubbk |
||
| 686 | _aШ141.12-498.1 | ||
| 686 | _aШ147.11-498.2 | ||
| 700 | 1 |
_4070 _8rus _7ca _aНикитина _bТ. М. _cфилолог _gТатьяна Максимовна _3RU\NLR\auth\7724114 _97166 |
|
| 701 | 1 |
_4070 _8rus _7ca _aСемина _bИ. А. _cфилолог _gИрина Александровна _3RU\NLR\auth\7742847 _925790 |
|
| 801 | 0 |
_aRU _bRKP _c20030128 _gPSBO |
|
| 801 | 1 |
_aRU _bRKP _c20030128 |
|
| 801 | 2 |
_aRU _bNLR _c20060927 _grcr |
|
| 942 | _cBOOK | ||
| 980 | _aNB | ||